[Event "DVM U14w 2013"]
[Site "Oberbernhards-Hilders GER"]
[Date "2013.12.28"]
[Round "4"]
[White "Wächter, Nathalie"]
[Black "Neumann, Isabel"]
[Result "1-0"]
[Termination "normal"]
[Board "1.1"]
[WhiteElo "1733"]
[BlackElo "1508"]
[WhiteTeam "Tura Harksheide"]
[BlackTeam "SV 1919 Grimma"]
[WhiteFideId "12921033"]
[BlackFideId "12964468"]
[EventCountry "GER"]
[EventRounds "7"]
[EventType "team-swiss"]
[EventDate "2013.12.26"]

1. d4 Nf6 2. Nf3 g6 3. Bf4 Bg7 4. e3 d6 5. c4 O-O 6. Nc3 Nbd7 7. Be2 Re8 8. O-O
e5 9. dxe5 dxe5 10. Nxe5 Nxe5 11. Qxd8 Rxd8 12. Bxe5 c6 13. Rad1 Be6 14. h3
Rac8 15. Bg3 Rd7 16. Rxd7 Nxd7 17. Rc1 Nb6 18. b3 Rd8 19. Ne4 Bf5 20. Nd6 Bc8
21. Nxc8 Nxc8 22. Rd1 Rxd1+ 23. Bxd1 Ne7 24. Kf1 Kf8 25. Bc2 Ke8 26. Ke2 Kd7
27. Bb8 a6 28. Bh2 Ke6 29. g4 h6 30. Bb8 Bb2 31. Bf4 g5 32. Bg3 Bf6 33. Be4 Bb2
34. Bb1 Bf6 35. Bc2 Bb2 36. h4 Bf6 37. hxg5 hxg5 38. Bb8 Be5 39. Ba7 f6 40. Bb6
Kd6 41. Bd4 c5 42. Bxe5+ Kxe5 43. Kf3 Nc8 44. Be4 Nd6 45. Bd5 b6 46. Ba8 Ne8
47. Ke2 Nc7 48. Bb7 a5 49. Kd3 Ne8 50. a3 Nd6 51. Bd5 Ne8 52. f3 Nc7 53. Be4
Ne8 54. Kc3 Nd6 55. Bg6 Nb7 56. b4 axb4+ 57. axb4 Nd6 58. bxc5 bxc5 59. Kb3 f5
60. gxf5 Nxf5 61. Bxf5 Kxf5 62. Ka4 1-0

[Event "DVM U14w 2013"]
[Site "Oberbernhards-Hilders GER"]
[Date "2013.12.28"]
[Round "4"]
[White "Peters, Theresa"]
[Black "Köhler, Inken"]
[Result "1/2-1/2"]
[Termination "normal"]
[Board "1.2"]
[WhiteElo "1618"]
[BlackElo "1618"]
[WhiteTeam "SV 1919 Grimma"]
[BlackTeam "Tura Harksheide"]
[WhiteFideId "12952192"]
[BlackFideId "12929301"]
[EventCountry "GER"]
[EventRounds "7"]
[EventType "team-swiss"]
[EventDate "2013.12.26"]

1. d4 Nf6 2. Bg5 g6 3. Bxf6 exf6 4. Nf3 Bg7 5. e3 O-O 6. c4 d6 7. Be2 Nc6 8.
Nc3 Re8 9. O-O f5 10. a3 a5 11. Qc2 f4 12. d5 Ne5 13. exf4 Nxf3+ 14. Bxf3 Qf6
15. Qd2 Bd7 16. Rfe1 Bh6 17. Ne4 Qxf4 18. Qxf4 Bxf4 19. Nf6+ Kg7 20. Nxe8+ Rxe8
21. Rxe8 Bxe8 22. Re1 Be5 23. Bd1 Bd7 24. g3 Bxb2 25. Re7 Bf5 26. Rxc7 Bxa3 27.
Rxb7 Bc5 28. Kg2 Kf8 29. g4 Bd3 30. Bb3 g5 31. Kg3 Kg7 32. f4 h6 33. h4 gxh4+
34. Kxh4 Bf2+ 35. Kh3 Bf1+ 36. Kh2 Be2 37. Rd7 Bc5 38. Kg3 Bd3 39. Re7 a4 40.
Bxa4 Bxc4 41. Bc6 Kf6 1/2-1/2

[Event "DVM U14w 2013"]
[Site "Oberbernhards-Hilders GER"]
[Date "2013.12.28"]
[Round "4"]
[White "Giede, Anna-Blume"]
[Black "Könze, Heike"]
[Result "0-1"]
[Termination "normal"]
[Board "1.3"]
[WhiteElo "1453"]
[BlackElo "1471"]
[WhiteTeam "Tura Harksheide"]
[BlackTeam "SV 1919 Grimma"]
[WhiteFideId "12921980"]
[BlackFideId "12964476"]
[EventCountry "GER"]
[EventRounds "7"]
[EventType "team-swiss"]
[EventDate "2013.12.26"]

1. c4 e5 2. Nc3 Nf6 3. g3 c6 4. Bg2 d5 5. cxd5 cxd5 6. e3 Be7 7. Nge2 O-O 8. d4
Nc6 9. dxe5 Nxe5 10. Nxd5 Nxd5 11. Qxd5 Nd3+ 12. Kf1 Bb4 13. Qxd8 Rxd8 14. Nd4
Bc5 15. Nb3 Bb6 16. h3 Rd6 17. Ke2 Bd7 18. a4 Be6 19. Nd2 Rad8 20. Rd1 Ba5 21.
Bxb7 Nxc1+ 22. Raxc1 Rxd2+ 23. Rxd2 Rxd2+ 24. Kf3 g6 25. h4 Rxb2 26. Bc6 Rd2
27. Rc5 Bb6 28. Rc3 Bd5+ 29. Bxd5 Rxd5 30. Rc8+ Kg7 31. Rc2 Rc5 32. Rd2 h5 33.
Rb2 Rc4 34. Ra2 Ba5 35. Ke2 Rc5 36. Rb2 Rd5 37. Kf3 Kf6 38. Rc2 Ke6 39. Rc6+
Rd6 40. Rc5 Bb6 41. Rc2 Ke5 42. Rb2 Rf6+ 43. Ke2 Ke4 44. Rb4+ Kd5 45. Rb5+ Kc4
46. Rb2 Kc3 47. Rb5 Rf5 48. Rb1 Ra5 49. Rd1 Kb3 50. Rd7 Rf5 51. Rd1 Kxa4 52.
Ra1+ Kb3 53. Rb1+ Kc2 54. Rd1 Ba5 55. Rd7 Bb6 56. Rd2+ Kb3 57. Rd3+ Kb4 58. Rd1
a5 59. Rb1+ Kc5 60. Rc1+ Kb5 61. Rb1+ Ka6 62. Ra1 Rb5 63. Ra2 Rb4 64. Kd2 a4
65. Kc3 Ka5 66. Ra3 Kb5 67. Kc2 Bd8 68. Kc3 Bf6+ 69. Kc2 Rb2+ 70. Kc1 Rb3 71.
Ra2 Kb4 72. Kc2 a3 73. Kc1 Rb2 74. Rxb2+ Bxb2+ 75. Kc2 Bc3 0-1

[Event "DVM U14w 2013"]
[Site "Oberbernhards-Hilders GER"]
[Date "2013.12.28"]
[Round "4"]
[White "Hagenbeck-Hübert, Lara"]
[Black "Janke, Luisa"]
[Result "1/2-1/2"]
[Termination "normal"]
[Board "1.4"]
[WhiteElo "1294"]
[BlackElo "1428"]
[WhiteTeam "SV 1919 Grimma"]
[BlackTeam "Tura Harksheide"]
[WhiteFideId "12964484"]
[BlackFideId "12925225"]
[EventCountry "GER"]
[EventRounds "7"]
[EventType "team-swiss"]
[EventDate "2013.12.26"]

1. d4 c6 2. Bf4 d5 3. Nf3 Nf6 4. e3 Bf5 5. Bd3 Bxd3 6. cxd3 e6 7. Nc3 Nbd7 8.
O-O Bb4 9. Rb1 O-O 10. a3 Be7 11. b4 a5 12. Qc2 axb4 13. axb4 Nh5 14. Bg3 Nxg3
15. hxg3 Qc7 16. Na4 Ra7 17. b5 Qa5 18. bxc6 bxc6 19. Nc3 Rfa8 20. Rfc1 Qd8 21.
Ne5 Nxe5 22. dxe5 d4 23. exd4 Qxd4 24. Qe2 Ra3 25. Qe4 Qd7 26. d4 f5 27. Qe3
Qa7 28. Qd2 Rd8 29. Ne2 1/2-1/2

[Event "DVM U14w 2013"]
[Site "Oberbernhards-Hilders GER"]
[Date "2013.12.28"]
[Round "4"]
[White "Gatzke, Carolin"]
[Black "Halas, Julia"]
[Result "1-0"]
[Termination "normal"]
[Board "2.1"]
[WhiteElo "1731"]
[BlackElo "1573"]
[WhiteTeam "SK Blauer Springer Paderborn"]
[BlackTeam "Schachgemeinschaft Leipzig"]
[WhiteFideId "12943746"]
[BlackFideId "12931810"]
[EventCountry "GER"]
[EventRounds "7"]
[EventType "team-swiss"]
[EventDate "2013.12.26"]

1. e4 e6 2. d4 d5 3. e5 c5 4. c3 Nc6 5. g3 cxd4 6. cxd4 Nge7 7. Bh3 Nf5 8. Bxf5
exf5 9. Ne2 Be7 10. O-O O-O 11. Nbc3 Be6 12. Be3 Rc8 13. Nf4 a6 14. Qf3 Nb4 15.
a3 Nc2 16. Rac1 Nxe3 17. fxe3 Bg5 18. Ncxd5 Rxc1 19. Rxc1 Bxd5 20. Nxd5 Qd7 21.
Kg2 Qb5 22. Nb4 a5 23. Rc5 Qb6 24. Nd3 Qh6 25. Qxb7 Bxe3 26. Rc8 Qe6 27. Rxf8+
Kxf8 28. Qb8+ Qe8 29. Qxe8+ Kxe8 30. d5 Kd7 31. b4 axb4 32. axb4 Bd4 33. Kf3 g5
34. Nc5+ Kd8 35. Nd3 Kd7 36. h4 f6 37. Nc5+ Ke8 38. e6 Ke7 39. Nb3 Bb6 40. Na5
Bc7 41. Nc4 f4 42. hxg5 fxg5 43. g4 Bb8 44. b5 Kf6 45. b6 Ke7 46. b7 Kd8 47.
Nb6 1-0

[Event "DVM U14w 2013"]
[Site "Oberbernhards-Hilders GER"]
[Date "2013.12.28"]
[Round "4"]
[White "Schmidt, Alexandra"]
[Black "Möller, Lisa-Marie"]
[Result "0-1"]
[Termination "normal"]
[Board "2.2"]
[WhiteElo "1512"]
[BlackElo "1453"]
[WhiteTeam "Schachgemeinschaft Leipzig"]
[BlackTeam "SK Blauer Springer Paderborn"]
[WhiteFideId "12946036"]
[BlackFideId "12959367"]
[EventCountry "GER"]
[EventRounds "7"]
[EventType "team-swiss"]
[EventDate "2013.12.26"]

1. e4 c5 2. Nf3 e6 3. d4 cxd4 4. Nxd4 a6 5. Nc3 b5 6. a3 Bb7 7. f3 Qc7 8. Be2
Nf6 9. Bg5 Be7 10. Qd2 O-O 11. O-O d6 12. Rad1 Nbd7 13. Bd3 Rfd8 14. Nde2 Ne5
15. Ng3 Rac8 16. f4 Nc4 17. Bxc4 Qxc4 18. Qd4 Qxd4+ 19. Rxd4 e5 20. Rd3 h6 21.
Bxf6 Bxf6 22. Nf5 exf4 23. Nxd6 Rc7 24. Nxb7 Rxd3 25. cxd3 Rxb7 26. Rxf4 Bxc3
27. bxc3 Rc7 28. Rf3 Rxc3 29. d4 Rxf3 30. gxf3 Kf8 31. Kf2 Ke7 32. Ke3 Ke6 33.
f4 f5 34. d5+ Kd6 35. Kd4 fxe4 36. Kxe4 a5 37. Kf5 b4 38. axb4 axb4 39. Kg6 b3
40. Kxg7 b2 41. f5 b1=Q 42. f6 Qf5 43. f7 Qg5+ 44. Kf8 Kxd5 45. Ke8 Qg6 46. Ke7
Qg7 47. Ke8 Ke6 48. f8=Q Qd7# 0-1

[Event "DVM U14w 2013"]
[Site "Oberbernhards-Hilders GER"]
[Date "2013.12.28"]
[Round "4"]
[White "Schmidtmann, Samantha"]
[Black "Kahle, Leonie"]
[Result "1-0"]
[Termination "normal"]
[Board "2.3"]
[WhiteElo "1368"]
[BlackElo "1365"]
[WhiteTeam "SK Blauer Springer Paderborn"]
[BlackTeam "Schachgemeinschaft Leipzig"]
[WhiteFideId "12956759"]
[BlackFideId "12983306"]
[EventCountry "GER"]
[EventRounds "7"]
[EventType "team-swiss"]
[EventDate "2013.12.26"]

1. e4 c5 2. Nf3 d6 3. d4 cxd4 4. Nxd4 g6 5. Nc3 Bg7 6. f4 e6 7. Be3 Ne7 8. Qd2
Nbc6 9. O-O-O a6 10. h3 Bd7 11. g4 b5 12. Bg2 b4 13. Na4 a5 14. Nxc6 Bxc6 15.
Nb6 Ra6 16. Qxd6 Qxd6 17. Rxd6 O-O 18. Nd7 Rc8 19. Rhd1 a4 20. e5 Bb5 21. Nf6+
Bxf6 22. Rxa6 Bxa6 23. exf6 Nd5 24. Bxd5 exd5 25. Rxd5 Bc4 26. Rc5 Rxc5 27.
Bxc5 Bxa2 28. Bxb4 Bd5 29. Kd2 Bg2 30. h4 Bf3 31. g5 Bd5 32. Kd3 Be6 33. c4
Bf5+ 34. Kd4 Be6 35. Be7 Kh8 36. c5 Kg8 37. c6 Kh8 38. Kc5 Kg8 39. Kb4 Bb3 40.
c7 Be6 41. Kxa4 Bd7+ 42. Ka5 Bc8 43. b4 Bb7 44. Kb6 Bc8 45. Kc6 Kh8 46. b5 Kg8
47. b6 Kh8 48. b7 Bxb7+ 49. Kxb7 Kg8 50. c8=Q# 1-0

[Event "DVM U14w 2013"]
[Site "Oberbernhards-Hilders GER"]
[Date "2013.12.28"]
[Round "4"]
[White "Wiehe, Clara"]
[Black "Walow, Xenia"]
[Result "0-1"]
[Termination "normal"]
[Board "2.4"]
[WhiteElo "889"]
[BlackElo "1352"]
[WhiteTeam "Schachgemeinschaft Leipzig"]
[BlackTeam "SK Blauer Springer Paderborn"]
[WhiteFideId "12983322"]
[BlackFideId "12971839"]
[EventCountry "GER"]
[EventRounds "7"]
[EventType "team-swiss"]
[EventDate "2013.12.26"]

1. e4 c5 2. Nf3 d6 3. d4 cxd4 4. Nxd4 Nf6 5. Nc3 a6 6. Be3 e5 7. Nf3 Be7 8. g3
Be6 9. Bg2 Nc6 10. Qd2 O-O 11. O-O Qd7 12. Rad1 Bh3 13. Ng5 Bxg2 14. Kxg2 Qg4
15. Nf3 Nxe4 16. Qd3 Nf6 17. Rfe1 Rad8 18. Nh4 Ne8 19. Nf5 Bf6 20. Ne2 Nb4 21.
Qc4 Qxc4 22. b3 Qe4+ 23. Kf1 Qxf5 24. c3 Nc2 0-1

[Event "DVM U14w 2013"]
[Site "Oberbernhards-Hilders GER"]
[Date "2013.12.28"]
[Round "4"]
[White "Moses, Selina"]
[Black "Denkert, Anna"]
[Result "1/2-1/2"]
[Termination "normal"]
[Board "3.1"]
[WhiteElo "1723"]
[BlackElo "1608"]
[WhiteTeam "SV Muldental Wilkau-Haßlau"]
[BlackTeam "SV Empor Berlin"]
[WhiteFideId "12908070"]
[BlackFideId "12938122"]
[EventCountry "GER"]
[EventRounds "7"]
[EventType "team-swiss"]
[EventDate "2013.12.26"]

1. e4 e5 2. Nf3 Nf6 3. Nc3 Nc6 4. d4 exd4 5. Nxd4 Bb4 6. Nxc6 bxc6 7. Bd3 O-O
8. O-O Bxc3 9. bxc3 d5 10. exd5 cxd5 11. Be3 c6 12. Rb1 Qc7 13. h3 Be6 14. Qf3
h6 15. Bxh6 Ne4 16. Bf4 Qa5 17. Bxe4 dxe4 18. Qxe4 Qxc3 19. Be5 Qc4 20. Qxc4
Bxc4 21. Rfd1 Bxa2 22. Ra1 Bd5 23. Ra4 Rfe8 24. Bd4 a6 25. Rda1 Re4 26. c3 Kh7
27. Rxa6 Rxa6 28. Rxa6 Re6 29. f3 Re2 30. Ra5 Rc2 31. Rc5 Kg6 32. Bf2 Rc1+ 33.
Kh2 Rc2 34. Kg1 Rc1+ 1/2-1/2

[Event "DVM U14w 2013"]
[Site "Oberbernhards-Hilders GER"]
[Date "2013.12.28"]
[Round "4"]
[White "Du, Katharina"]
[Black "Simon, Tessa"]
[Result "1/2-1/2"]
[Termination "normal"]
[Board "3.2"]
[WhiteElo "1513"]
[BlackElo "1620"]
[WhiteTeam "SV Empor Berlin"]
[BlackTeam "SV Muldental Wilkau-Haßlau"]
[WhiteFideId "12945757"]
[BlackFideId "12929395"]
[EventCountry "GER"]
[EventRounds "7"]
[EventType "team-swiss"]
[EventDate "2013.12.26"]

1. c4 e5 2. Nc3 Nf6 3. g3 Bc5 4. Bg2 Nc6 5. d3 O-O 6. Nf3 d6 7. O-O a6 8. Bg5
h6 9. Bxf6 Qxf6 10. Ne4 Qe7 11. Nxc5 dxc5 12. Nd2 Nd4 13. e3 Ne6 14. Nf3 Qd6
15. Qc2 f5 16. Rad1 f4 17. Qc3 Ng5 18. d4 Nxf3+ 19. Bxf3 exd4 20. exd4 fxg3 21.
fxg3 Bh3 22. Rfe1 cxd4 23. Bd5+ Kh8 24. Qxd4 c6 25. Bg2 Qxd4+ 26. Rxd4 Bxg2 27.
Kxg2 Rad8 28. Red1 Rde8 29. R1d2 1/2-1/2

[Event "DVM U14w 2013"]
[Site "Oberbernhards-Hilders GER"]
[Date "2013.12.28"]
[Round "4"]
[White "Fromm, Katja"]
[Black "Berdin, Victoria"]
[Result "1-0"]
[Termination "normal"]
[Board "3.3"]
[WhiteElo "1595"]
[BlackElo "1469"]
[WhiteTeam "SV Muldental Wilkau-Haßlau"]
[BlackTeam "SV Empor Berlin"]
[WhiteFideId "12929409"]
[BlackFideId "24693901"]
[EventCountry "GER"]
[EventRounds "7"]
[EventType "team-swiss"]
[EventDate "2013.12.26"]

1. d4 d5 2. c4 e6 3. Nc3 Nf6 4. Nf3 Nbd7 5. e3 Bb4 6. a3 Be7 7. Bd3 O-O 8. O-O
c6 9. Re1 Re8 10. b4 Nf8 11. Ne5 Ng6 12. f4 Qc7 13. c5 b6 14. a4 Bb7 15. Ra2
Bf8 16. g3 Ne7 17. h4 g6 18. Rh2 h5 19. Kh1 Nf5 20. Rg1 Nh6 21. Be2 Ne4 22.
Nxe4 dxe4 23. g4 hxg4 24. Nxg4 Rad8 25. Nf6+ Kg7 26. Nxe8+ Rxe8 27. h5 bxc5 28.
dxc5 Rd8 29. Bb2+ Kh7 30. hxg6+ fxg6 31. Qc2 Qd7 32. Qxe4 Qd5 33. Bf3 Qxe4 34.
Bxe4 1-0

[Event "DVM U14w 2013"]
[Site "Oberbernhards-Hilders GER"]
[Date "2013.12.28"]
[Round "4"]
[White "Alcer, Johanna"]
[Black "Von Jan, Lena"]
[Result "0-1"]
[Termination "normal"]
[Board "3.4"]
[WhiteElo "999"]
[BlackElo "1373"]
[WhiteTeam "SV Empor Berlin"]
[BlackTeam "SV Muldental Wilkau-Haßlau"]
[WhiteFideId "12964450"]
[BlackFideId "12946060"]
[EventCountry "GER"]
[EventRounds "7"]
[EventType "team-swiss"]
[EventDate "2013.12.26"]

1. e4 e5 2. Nf3 Nc6 3. Bc4 Nf6 4. d3 Bc5 5. Bg5 d6 6. c3 a6 7. b4 Ba7 8. O-O
O-O 9. Re1 Be6 10. Bb3 Bg4 11. Nbd2 Be6 12. Nf1 Re8 13. d4 Bxb3 14. axb3 exd4
15. cxd4 Nxb4 16. e5 dxe5 17. dxe5 Qxd1 18. Raxd1 Ng4 19. Rd2 h6 20. Bf4 Bb6
21. Bg3 Nc6 22. h3 Ncxe5 23. Nxe5 Nxe5 24. Bxe5 Ba5 25. Bxc7 Bxc7 26. Rxe8+
Rxe8 27. Rd7 Rc8 28. Ne3 Kf8 29. Nd5 Bb8 30. Rxb7 Rc1# 0-1

[Event "DVM U14w 2013"]
[Site "Oberbernhards-Hilders GER"]
[Date "2013.12.28"]
[Round "4"]
[White "Walker, Julia"]
[Black "Kluge, Leyla"]
[Result "0-1"]
[Termination "normal"]
[Board "4.1"]
[WhiteElo "1545"]
[BlackElo "1691"]
[WhiteTeam "SG Porz"]
[BlackTeam "USG Chemnitz"]
[WhiteFideId "1271852"]
[BlackFideId "12918172"]
[EventCountry "GER"]
[EventRounds "7"]
[EventType "team-swiss"]
[EventDate "2013.12.26"]

1. e4 c5 2. c3 g6 3. d4 cxd4 4. cxd4 Bg7 5. Nc3 d6 6. Nf3 Nf6 7. Be3 O-O 8. Be2
Nc6 9. O-O Ng4 10. h4 Nxe3 11. fxe3 e5 12. d5 Nb4 13. a3 Na6 14. b4 Bh6 15. Qd2
Qb6 16. Nd1 Bd7 17. Rc1 Ba4 18. Re1 Nc7 19. Nh2 f5 20. Bf3 Bxd1 21. Rcxd1 Bf4
22. Nf1 Bh6 23. Nh2 Rf7 24. Kh1 Raf8 25. a4 Na6 26. exf5 gxf5 27. Rb1 Qd8 28.
Qf2 Qf6 29. Nf1 Rg7 30. Ng3 Qxh4+ 0-1

[Event "DVM U14w 2013"]
[Site "Oberbernhards-Hilders GER"]
[Date "2013.12.28"]
[Round "4"]
[White "Peil, Celine"]
[Black "Sewald, Kathrin"]
[Result "0-1"]
[Termination "normal"]
[Board "4.2"]
[WhiteElo "1349"]
[BlackElo "1552"]
[WhiteTeam "USG Chemnitz"]
[BlackTeam "SG Porz"]
[WhiteFideId "12942219"]
[BlackFideId "12964557"]
[EventCountry "GER"]
[EventRounds "7"]
[EventType "team-swiss"]
[EventDate "2013.12.26"]

1. e4 e5 2. Nf3 Nc6 3. Bb5 a6 4. Bxc6 dxc6 5. O-O Qd6 6. d3 Bd7 7. Be3 O-O-O 8.
Nbd2 f6 9. Nc4 Qe6 10. c3 c5 11. Qc2 h5 12. Nh4 Qg4 13. Nf3 h4 14. h3 Qg6 15.
Kh2 Qh5 16. Qb3 g5 17. Na5 b6 18. Qd5 Bb5 19. Qe6+ Kb8 20. Nc6+ Bxc6 21. Qxc6
Rxd3 22. Rfd1 Rxd1 23. Rxd1 Bd6 24. Rxd6 cxd6 25. Qxd6+ Kc8 26. Qc6+ Kd8 27.
Qxb6+ Ke8 28. Qe6+ Kf8 29. Bxc5+ Kg7 30. Qd7+ Qf7 31. Qxf7+ Kxf7 32. b4 Ne7 33.
Nd2 Rc8 34. Nc4 Ke6 35. Nb6 Rd8 36. a4 Nc8 37. Nd5 Rd7 38. Kg1 Rxd5 39. exd5+
Kxd5 40. Be3 Kc4 41. Kf1 Kxc3 42. Bc5 Kc4 43. a5 Kb5 44. Ke2 Kc6 45. Kf3 f5 46.
Ke3 Nd6 47. Ke2 Ne4 48. Be7 Kb5 49. Ke1 Nc3 50. Bxg5 Kxb4 51. Bxh4 Kxa5 52. Be7
Nd5 53. Bd6 e4 54. Be5 Ne7 55. h4 Ng6 56. Bf6 Nf4 57. g3 Nh5 58. Be5 Kb5 59.
Ke2 Kc4 60. Ke3 Kd5 61. Bc3 Kc4 62. Be5 a5 63. f3 exf3 64. Kxf3 Kd5 65. Bb2 Ke6
66. Bc3 a4 67. Bb2 Kf7 68. g4 fxg4+ 69. Kxg4 Nf6+ 70. Kg3 Ne4+ 71. Kf3 Nd6 72.
Kg3 Nc4 73. Bc3 a3 74. h5 Nd6 75. Kf4 Kg8 0-1

[Event "DVM U14w 2013"]
[Site "Oberbernhards-Hilders GER"]
[Date "2013.12.28"]
[Round "4"]
[White "Maier, Nicole"]
[Black "Fuchs, Joline"]
[Result "1-0"]
[Termination "normal"]
[Board "4.3"]
[WhiteElo "1028"]
[BlackElo "1175"]
[WhiteTeam "SG Porz"]
[BlackTeam "USG Chemnitz"]
[WhiteFideId "12964573"]
[BlackFideId "12964506"]
[EventCountry "GER"]
[EventRounds "7"]
[EventType "team-swiss"]
[EventDate "2013.12.26"]

1. e4 e5 2. Nf3 Nc6 3. Bc4 Bc5 4. d3 d6 5. h3 Be6 6. Bb3 h6 7. Be3 Bb6 8. Nc3
Nf6 9. O-O O-O 10. Nd5 Na5 11. c4 Nxb3 12. axb3 Nxd5 13. cxd5 Bd7 14. Qd2 Qf6
15. Rfc1 Bxe3 16. Qxe3 c6 17. Rxa7 Rxa7 18. Qxa7 Bc8 19. dxc6 bxc6 20. Rxc6 Rd8
21. b4 Qe6 22. Nd2 Qg6 23. Kf1 f5 24. b5 Qe8 25. Rc7 Rd7 26. b6 fxe4 27. Rxd7
Bxd7 28. b7 Bb5 29. b8=Q Bxd3+ 30. Ke1 Qxb8 31. Qxb8+ Kh7 32. Qxd6 1-0

[Event "DVM U14w 2013"]
[Site "Oberbernhards-Hilders GER"]
[Date "2013.12.28"]
[Round "4"]
[White "Wienhold, Nadine"]
[Black "Mohseni, Marie"]
[Result "1-0"]
[Termination "normal"]
[Board "4.4"]
[WhiteElo "1222"]
[BlackElo "765"]
[WhiteTeam "USG Chemnitz"]
[BlackTeam "SG Porz"]
[WhiteFideId "12964514"]
[BlackFideId "12983365"]
[EventCountry "GER"]
[EventRounds "7"]
[EventType "team-swiss"]
[EventDate "2013.12.26"]

1. e4 e5 2. Nf3 Nc6 3. Bc4 Nf6 4. d3 h6 5. O-O Bc5 6. c3 d6 7. h3 Nh5 8. d4 Bb6
9. dxe5 dxe5 10. Qxd8+ Nxd8 11. Nxe5 Be6 12. Nd2 f6 13. Nef3 Bxc4 14. Nxc4 Ne6
15. Be3 O-O 16. Bxb6 cxb6 17. Rad1 Rad8 18. Ne3 Rxd1 19. Rxd1 a5 20. Nd4 Nxd4
21. cxd4 b5 22. d5 Kf7 23. Nf5 g6 24. Nxh6+ Ke7 25. Ng4 b4 26. g3 Kd6 27. Kg2
b5 28. Rc1 Re8 29. f3 a4 30. Rc6+ Kd7 31. Nxf6+ Nxf6 32. Rxf6 1-0

[Event "DVM U14w 2013"]
[Site "Oberbernhards-Hilders GER"]
[Date "2013.12.28"]
[Round "4"]
[White "Shvartsman, Kristina"]
[Black "Poetsch, Leonore"]
[Result "1/2-1/2"]
[Termination "normal"]
[Board "5.1"]
[WhiteElo "1163"]
[BlackElo "1477"]
[WhiteTeam "SK Gräfelfing"]
[BlackTeam "SK Langen"]
[WhiteFideId "12983438"]
[BlackFideId "12940372"]
[EventCountry "GER"]
[EventRounds "7"]
[EventType "team-swiss"]
[EventDate "2013.12.26"]

1. e4 e6 2. d4 d5 3. Nc3 Nf6 4. Bg5 Bb4 5. e5 h6 6. exf6 hxg5 7. fxg7 Rg8 8.
Qh5 Qf6 9. Nf3 Qxg7 10. Ne5 c5 11. Bb5+ Ke7 12. O-O-O cxd4 13. Nxd5+ exd5 14.
Nd3 Bd6 15. Rhe1+ Be6 16. Qf3 Kd8 17. a3 Nc6 18. Bxc6 bxc6 19. Nb4 Kd7 20. Rd3
a5 21. Na2 g4 22. Qe2 Qg5+ 23. Kb1 c5 24. Ka1 Bf5 25. Rdd1 Kc6 26. c4 Be6 27.
cxd5+ Qxd5 28. Nc1 Qxg2 29. Qc2 a4 30. Rxd4 Bb3 31. Nxb3 axb3 32. Qc4 Rgd8 33.
Rd2 Qf3 34. Rd3 Qxf2 35. Qe4+ Kb6 36. Rxb3+ Ka5 37. Rb7 Rdb8 38. b4+ cxb4 39.
Qd5+ Ka4 40. Qb5+ Kxa3 41. Qd3+ Ka4 42. Qd1+ Ka3 43. Qd3+ 1/2-1/2

[Event "DVM U14w 2013"]
[Site "Oberbernhards-Hilders GER"]
[Date "2013.12.28"]
[Round "4"]
[White "Reinecke, Katharina"]
[Black "Joebges, Julia"]
[Result "1-0"]
[Termination "normal"]
[Board "5.2"]
[WhiteElo "1583"]
[BlackElo "1281"]
[WhiteTeam "SK Langen"]
[BlackTeam "SK Gräfelfing"]
[WhiteFideId "12929727"]
[BlackFideId "12983446"]
[EventCountry "GER"]
[EventRounds "7"]
[EventType "team-swiss"]
[EventDate "2013.12.26"]

1. e4 e5 2. Nf3 Nc6 3. Bc4 Nf6 4. d3 Bc5 5. c3 d6 6. Nbd2 Bg4 7. O-O Qe7 8. Re1
O-O-O 9. a4 Be6 10. Bxe6+ Qxe6 11. b4 Nxb4 12. cxb4 Bxb4 13. Ng5 Qe7 14. Qb3
Bxd2 15. Bxd2 Rhf8 16. Rab1 c6 17. Rec1 h6 18. Nf3 Qc7 19. Ba5 b6 20. Bd2 c5
21. a5 Nd7 22. axb6 axb6 23. Ra1 Nb8 24. Rcb1 Kb7 25. Ra2 Nd7 26. Rab2 Rb8 27.
Ba5 Ka7 28. Bd2 Ra8 29. Qc4 Rab8 30. Qd5 b5 31. Ra1+ Kb6 32. Ba5+ 1-0

[Event "DVM U14w 2013"]
[Site "Oberbernhards-Hilders GER"]
[Date "2013.12.28"]
[Round "4"]
[White "Lehnert, Anna-Victoria"]
[Black "Shvartsman, Julia"]
[Result "1/2-1/2"]
[Termination "normal"]
[Board "5.4"]
[WhiteElo "1021"]
[BlackElo "911"]
[WhiteTeam "SK Langen"]
[BlackTeam "SK Gräfelfing"]
[WhiteFideId "12957062"]
[BlackFideId "12983454"]
[EventCountry "GER"]
[EventRounds "7"]
[EventType "team-swiss"]
[EventDate "2013.12.26"]

1. d4 d5 2. c4 dxc4 3. Nf3 e6 4. Bf4 Nf6 5. Nc3 Nc6 6. e3 Bb4 7. Bxc4 O-O 8.
O-O b6 9. Nb5 a6 10. Nc3 Bb7 11. Qe2 Ne7 12. Rfd1 Ned5 13. Nxd5 Nxd5 14. Rac1
c5 15. dxc5 bxc5 16. Bg3 Qf6 17. a3 Ba5 18. Bxd5 exd5 19. Rxc5 Bb6 20. Be5 Qg6
21. Rcc1 a5 22. Bd4 Ba6 23. Qd2 Ba7 24. Bxa7 Rxa7 25. Qxd5 Bb7 26. Qg5 Bxf3 27.
Qxg6 fxg6 28. gxf3 Rxf3 29. b4 axb4 30. axb4 Ra2 31. Rf1 Rb2 32. Rb1 Rxb1 33.
Rxb1 Rf6 34. b5 Rb6 35. Kf1 Kf7 36. Ke2 Ke6 37. Kd3 Kd5 38. e4+ Kc5 39. e5 Rxb5
40. Rxb5+ Kxb5 41. Kd4 1/2-1/2

[Event "DVM U14w 2013"]
[Site "Oberbernhards-Hilders GER"]
[Date "2013.12.28"]
[Round "4"]
[White "Reyher, Susan"]
[Black "Usczeck, Alina"]
[Result "0-1"]
[Termination "normal"]
[Board "6.1"]
[WhiteElo "1462"]
[BlackElo "1554"]
[WhiteTeam "SV "Glück auf" Rüdersdorf"]
[BlackTeam "SV Turm Lahnstein"]
[WhiteFideId "24686107"]
[BlackFideId "12938114"]
[EventCountry "GER"]
[EventRounds "7"]
[EventType "team-swiss"]
[EventDate "2013.12.26"]

1. e4 c6 2. d4 d5 3. Nc3 dxe4 4. Nxe4 Nd7 5. Nf3 Ngf6 6. Ng3 e6 7. Bf4 c5 8.
Bc4 Nb6 9. Bb5+ Bd7 10. Bxd7+ Qxd7 11. dxc5 Bxc5 12. Qxd7+ Nbxd7 13. O-O Nd5
14. Bd2 O-O 15. Ne4 Be7 16. Rad1 Rac8 17. c3 Nc5 18. Nxc5 Rxc5 19. Rfe1 b5 20.
Be3 Rc7 21. Nd4 a6 22. Rd3 b4 23. Bd2 Rd8 24. cxb4 Nxb4 25. Bxb4 Bxb4 26. Red1
Rcd7 27. g3 e5 28. Nc2 Rxd3 29. Rxd3 Rxd3 30. Nxb4 Rd6 31. Nc2 Rd2 32. Nb4 a5
33. Nc6 Rxb2 34. Nxa5 Rxa2 35. Nc4 f6 36. Kg2 e4 37. h4 f5 38. Ne3 g6 39. Nd5
Rd2 40. Ne3 h6 41. h5 Kg7 42. hxg6 Kxg6 43. Kf1 Kg5 44. Ng2 h5 45. Ke1 Rb2 46.
Ne3 f4 47. Nc4 fxg3 48. fxg3 Rg2 49. Nd2 Rxd2 50. Kxd2 Kg4 0-1

[Event "DVM U14w 2013"]
[Site "Oberbernhards-Hilders GER"]
[Date "2013.12.28"]
[Round "4"]
[White "Ley, Sabrina"]
[Black "Schmid, Katharina"]
[Result "0-1"]
[Termination "normal"]
[Board "6.2"]
[WhiteElo "1487"]
[BlackElo "1349"]
[WhiteTeam "SV Turm Lahnstein"]
[BlackTeam "SV "Glück auf" Rüdersdorf"]
[WhiteFideId "12938130"]
[BlackFideId "12918210"]
[EventCountry "GER"]
[EventRounds "7"]
[EventType "team-swiss"]
[EventDate "2013.12.26"]

1. e4 e5 2. Nf3 Nc6 3. Bc4 Nf6 4. d4 exd4 5. O-O Nxe4 6. Re1 d5 7. Bxd5 Qxd5 8.
Nc3 Qa5 9. Nxe4 Be6 10. Neg5 O-O-O 11. Nxe6 fxe6 12. Rxe6 Bd6 13. Bg5 Rde8 14.
Qe2 Kd7 15. Rxe8 Rxe8 16. Qd3 g6 17. a3 Ne5 18. Nxe5+ Qxe5 19. Bd2 Qxh2+ 0-1